000 00764cam a22002653a 4500
001 11900
003 PGUSA
005 20140828083242.0
008 040401s2004||||xxu|||||s|||||000 1 eng d
040 _aPGUSA
_beng
042 _adc
050 4 _aPR
100 1 _aGlyn, Elinor,
_d1864-1943
245 1 0 _aElizabeth Visits America
_h[electronic resource] /
_cElinor Glyn
260 _bProject Gutenberg,
_c2004
506 _aPublic domain in the USA.
516 _aElectronic text
653 _aEpistolary fiction
653 _aMarried women -- Fiction
653 _aBritish -- United States -- Fiction
653 _aVoyages and travels -- Fiction
830 0 _aProject Gutenberg
_v11900
856 4 0 _uhttp://www.gutenberg.org/ebooks/11900
942 _cEB
999 _c241155
_d241155